Airbus & Boeing Current Manufacturing - Statistics

General Stats
  • This quiz has been taken 289 times
  • The average score is 8 of 12
Answer Stats
Manufacturer Aircraft % Correct
Airbus A320
96%
Airbus A330
93%
Airbus A350
93%
Airbus A380
93%
Boeing 787
81%
Boeing 777
80%
Boeing 767
74%
Airbus A220
63%
Boeing 737 MAX
54%
Boeing 777X
41%
Boeing 747-8
38%
Boeing 737NG
26%
No matching quizzes found
Score Distribution
Percent of People with Each Score
Percentile by Number Answered
Your Score History
You have not taken this quiz